00000000nam##2200000za#4500
0019.520405
003CaOODSP
00520200327031615
007ta
008150406|1992||||xxc|||||     f|0| 0 fre|d
020 |a0-660-57413-6
022 |a0706-148X
040 |aCaOODSP|bfre
041 |aeng
041 |afre
043 |an-cn---
0861 |aS52-2/212-1992
1101 |aCanada.|bSecrétariat d'État du Canada. |bBureau de la traduction.
24510|aVocabulaire de sémiologie de l'appareil locomoteur, Volume II: Signes d'imagerie médicale / |cSous la direction de André Lussier.
260 |aOttawa - Ontario : |bSecrétariat d'État du Canada. |c1992.
300 |a271p. : |c22 cm.
4901 |aBulletin de terminologie|x0706-148X|v212
500 |aProjet conjoint du Conseil de recherches médicales du Canada et du Secrétariat d'État du Canada.
504 |aBibliographie.
5203 |aBulletin de terminologie 212. Sous la direction des Drs André Lussier et Germain Beauregard et de Sylvie Dionne. Projet conjoint du Conseil de recherches médicales du Canada et du Secrétariat d'État du Canada. Ce vocabulaire comprend environ 700 entrées. La nomenclature comporte essentiellement des notions de radiologie, de techniques d'imagerie, d'incidences, d'angles et de repères. Ce vocabulaire s'adresse aux professionnels de la santé, particulièrement aux radiologistes, orthopédistes, rhumatologues et physiatres ainsi qu'aux traducteurs et terminologues.
546 |aBilingue
563 |aCouverture souple
590 |a92-26|b1992-06-26
69107|aMédecine|2gcpds
69107|aTerminologie|2gcpds
7201 |aLussier, André
7760#|tVocabulary of signs and symptoms of the musculoskeletal system. Volume II: Medical imaging signs / |w(CaOODSP)9.590517
791 |tVocabulary of signs and symptoms of the musculoskeletal system, Volume II: Medical imaging signs / |eeng|w(CaOODSP)9.520404
830#0|aBulletin de terminologie,|x0706-148X|v212|w(CaOODSP)9.509599